| 000 | 00960cam a2200277 a 4500 | ||
|---|---|---|---|
| 001 | 2034652 | ||
| 003 | JO-AjAnu | ||
| 005 | 20240610095653.0 | ||
| 008 | 920514s1992 paua b 001 0 eng | ||
| 010 | _a 92060559 | ||
| 020 | _a0877628882 | ||
| 040 |
_aDLC _cDLC _dDLC _dJO-AjAnu |
||
| 041 | _aENG | ||
| 050 | 0 | 0 |
_aTP248.65.F66 _bM58 1992 |
| 082 | 0 | 0 |
_a664 _220 |
| 100 | 1 |
_aMittal, G. S. _q(Gauri S.) |
|
| 245 | 1 | 0 |
_aFood Biotechnology / _cBhatia s.c |
| 260 |
_awoodhead puplishing : _bNew Delhi _c2020 |
||
| 300 |
_ax, 380 p. : _bill. ; _c24 cm. |
||
| 504 | _aIncludes bibliographical references (p. 337-365) and index. | ||
| 650 | 0 |
_aFood _xBiotechnology. |
|
| 856 | 4 | 2 |
_3Publisher description _uhttp://www.loc.gov/catdir/enhancements/fy0744/92060559-d.html |
| 906 |
_a7 _bcbc _corignew _d2 _eopcn _f19 _gy-gencatlg |
||
| 942 |
_2lcc _cBK _n0 |
||
| 999 |
_c33523 _d33523 |
||